000 00860cam a2200265 a 4500
020 _a0471870927
020 _a9780471870920
040 _cDLC
082 _a111 KWA 1984 C260 Or.
100 1 _aGomez, Kwanchai A.
245 1 0 _aStatistical procedures for agricultural research /
250 _a2nd ed.
260 _aNew York :
_bWiley,
_cc1984 (Reprint 2011).
300 _axvi, 680 p. :
_bill. ;
_c24 cm.
500 _a"An International Rice Research Institute book."
500 _a"A Wiley-Interscience publication."
500 _aPreviously published as: Statistical procedures for agricultural research with emphasis on rice / K.A. Gomez, A.A. Gomez.
500 _aIncludes index.
650 0 _aAgriculture
650 0 _aRice
650 0 _aField experiments
700 1 _aGomez, Arturo A.
700 1 _aGomez, Kwanchai A.
942 _cAEDBB
999 _c22334
_d22334